• 首页
  • 本馆介绍
  • 公告通知
  • 最新文献
  • 馆藏检索
  • 电子资源
  • 读者导购
  • 参考咨询
  • 我的图书馆
  • 登录
  • 详细信息显示
  • 放入我的书架
  • 预约/预借图书
  • 作者相关作品
  • 分类相关作品
  • 丛书相关作品
  • 出版社相关作品

书目信息

  • 表格格式
  • 工作单格式
  • 卡片格式
题名:
新民主主义教育思想与教育论著选读
    
 
作者: 冯克成 主编
分册:  
出版信息: 北京   人民武警出版社  2010
页数: 302页
开本: 22cm
丛书名: 中外教育名家名著精读丛书
单 册:
中图分类: G412
科图分类:
主题词:
电子资源:
ISBN: 978-7-80176-458-4
000 00905oam2 2200277 45
001 1237579216
005 20120618101115.76
010    @a978-7-80176-458-4@dCNY39.80
100    @a20120407e20112010ekmy0chiy0120 ea
101 0  @achi
102    @aCN@b110000
105    @ay z 000yy
106    @ar
200 1  @a新民主主义教育思想与教育论著选读@AXin Min Zhu Zhu Yi Jiao Yu Si Xiang Yu Jiao Yu Lun Zhu Xuan Dou@f冯克成主编@FFeng Ke Cheng Zhu Bian
210    @a北京@c人民武警出版社@d2010@h2011
215    @a302页@d22cm
225 2  @a中外教育名家名著精读丛书
300    @a教师必读文库
330    @a全套分中国卷20种外国卷20种共40种,同时出齐。
461  0 @12001 @a中国教育名家名著精读丛书
605    @a新民主主义教育@x教育思想@x研究@y中国
605    @a新民主主义教育
690    @aG412@v4
701  0 @a冯克成@AFeng Ke Cheng@4主编
801  0 @aCN@bTSTCL@c20120604
905    @b0816875-78@dG412@e42@f4
    
    新民主主义教育思想与教育论著选读/冯克成主编.-北京:人民武警出版社,2010(2011)
    302页;22cm.-(中外教育名家名著精读丛书)
    教师必读文库
    
    ISBN 978-7-80176-458-4:CNY39.80
    全套分中国卷20种外国卷20种共40种,同时出齐。
●
相关链接 在E读中查询图书 在五车中查询图书 在当当中查询图书 在豆瓣中查询图书


正题名:新民主主义教育思想与教育论著选读     索取号:G412/42         预约/预借

序号 登录号 条形码 馆藏地/架位号 状态 备注
1 0816875   208168757   第一样本阅览室/ [索取号:G412/42] 在馆    
2 0816876   208168766   第四借阅区/ [索取号:G412/42] 在馆    
3 0816877   208168775   第四借阅区/ [索取号:G412/42] 在馆    
4 0816878   208168784   第四借阅区/ [索取号:G412/42] 在馆    
唐山师范学院图书馆 欢迎您!
大连网信软件有限公司© 版权所有